| 000 | 00931cam a22002531 4500 | ||
|---|---|---|---|
| 001 | sd 46000001 | ||
| 003 | DLC | ||
| 005 | 20260227112735.0 | ||
| 008 | 950222s1945 nyu b 000 0 eng c | ||
| 010 | _asd 46000001 | ||
| 035 | _a(OCoLC)32033955 | ||
| 040 |
_aU.S. Dept. of State. Libr. _cIEN _dDLC |
||
| 050 | 0 | 0 |
_aD410 _b.F65 vol. 21, no. 17 |
| 082 | 0 | _a330.942 | |
| 100 | 1 | _aMcClellan, Grant S. | |
| 245 | 1 | 2 |
_aA new Britain under labor? _cBy Grant S. McClellan. |
| 260 |
_aNew York, N.Y., _bForeign Policy Association, Incorporated _c[1945] |
||
| 300 |
_a1 p. l., 235-243, [1] p. _c27 cm. |
||
| 490 | 0 |
_aForeign policy reports, _vvol. XXI, no. 17. November 15, 1945 |
|
| 500 | _a"Britain's health and educational plans, by O.K.D. Ringwood and G.S. McClellan": p. [244] | ||
| 504 | _aBibliographical foot-notes. | ||
| 651 | 0 |
_aGreat Britain _xEconomic policy. |
|
| 651 | 0 |
_aGreat Britain _xEconomic conditions _y1918-1945. |
|
| 999 |
_c89960 _d89960 |
||